banner koha

Fabaceae em um afloramento rochoso no Semiárido brasileiro (Registro n. 337365)

MARC details
000 -LÍDER
fixed length control field 02576nab a2200277 i 4500
003 - CÓDIGO MARC DA AGÊNCIA CATALOGADORA
Campo de controle BR-BrBNA
005 - DATA E HORA DA ÚLTIMA ATUALIZAÇÃO
Campo de controle 20250729170837.0
008 - CAMPO DE TAMANHO FIXO
fixed length control field 250729b2020 bl.ar|pooa||| 00| 0 por |
040 ## - FONTE DA CATALOGAÇÃO
Agência catalogadora BR-BrBNA
Idioma da catalogação por
072 ## - CATEGORIA AGRIS
Código AGRIS F70
100 ## - ENTRADA PRINCIPAL - NOME PESSOAL
Nome pessoal Rodrigues, Erimágna de Morais
100 ## - ENTRADA PRINCIPAL - NOME PESSOAL
Nome pessoal Queiroz, Rubens Teixeira de
100 ## - ENTRADA PRINCIPAL - NOME PESSOAL
Nome pessoal Silva, Luan Pedro da
100 ## - ENTRADA PRINCIPAL - NOME PESSOAL
Nome pessoal Monteiro, Fernanda Kalina da Silva
100 ## - ENTRADA PRINCIPAL - NOME PESSOAL
Nome pessoal Melo, José Iranildo Miranda de
245 ## - TÍTULO PRINCIPAL
Título principal Fabaceae em um afloramento rochoso no Semiárido brasileiro
500 ## - NOTA GERAL
Nota geral Publicação on-line; 35 ref.; 1 table; 7 illus.; Summaries (En, Pt)
942 ## - ADDED ENTRY ELEMENTS (KOHA)
Koha item type Analítica
520 ## - NOTA DE RESUMO
Nota de conteúdo <br/><br/>Resumo<br/><br/>Este trabalho consiste no levantamento florístico-taxonômico de Fabaceae em um afloramento rochoso situado<br/>no Semiárido paraibano, Nordeste brasileiro. Foram registradas 28 espécies em 22 gêneros e três subfamílias:<br/>Caesalpinioideae (12 spp.), Detarioideae (1 spp.) e Papilionoideae (15 spp.). As espécies Ancistrotropis<br/>peduncularis, Crotalaria pallida e Mimosa acutistipula consistem em novos registros para a flora da Paraíba.<br/>Foram produzidas chaves dicotômicas para as subfamílias e respectivas espécies, descrições para gêneros<br/>e espécies, comentários taxonômicos, dados de distribuição geográfica, ambientes, floração, frutificação e<br/>imagens das espécies encontradas durante esse estudo.<br/><br/>Palavras-chave: diversidade, flora, Leguminosae.<br/><br/><br/><br/><br/>Abstract<br/><br/>The work consists of the floristic-taxonomic survey of Fabaceae in a rocky outcrop located in the semi-arid<br/>from Paraiba state, Northeast Brazil. Twenty-eight species in 22 genera and three subfamilies were found:<br/>Caesalpinioideae (12 spp.), Detarioideae (1 spp.) and Papilionoideae (15 spp.). The species Ancistrotropis<br/>peduncularis, Crotalaria pallida and Mimosa acutistipula are new records for the flora of Paraiba state.<br/>Dichotomous keys for subfamilies and respective species as well as descriptions for genera and species,<br/>taxonomic comments, geographic distribution data, environments, flowering, fruiting and images of the<br/>species found during this study are provided.<br/><br/>Key words: diversity, flora, Leguminosae.
650 ## - ASSUNTO - THESAGRO
Cabeçalho tópico ou nome geográfico BIODIVERSIDADE
650 ## - ASSUNTO - THESAGRO
Cabeçalho tópico ou nome geográfico FLORA
650 ## - ASSUNTO - THESAGRO
Cabeçalho tópico ou nome geográfico LEGUMINOSAE
773 0# - ENTRADA ANALÍTICA
Host Biblionumber 709
Registro do item 353216
Imprenta Rio de Janeiro-RJ Jardim Botanico do Rio de Janeiro 1935
Outro identificador 2025-4473
Título Rodriguésia (Brazil)
ISSN 0370-6583; 2175-7860 on-line
Colação v. 71 p. 1-25; (2020)
Número de controle de registro BR2025003338
856 ## - ACESSO E ENDEREÇO ELETRÔNICO
Identificador uniforme de recurso - URI https://www.scielo.br/j/rod/a/r4x3LtCHt3Qsd3WJSPjL35z/?format=pdf&lang=pt

Nenhum exemplar disponível.

BINAGRI

Telefone: (61)3218-2567/2388/3357/2097 - binagri@agro.gov.br

Ministério da Agricultura e Pecuária , Esplanada dos Ministérios, Bloco D, Anexo B, Brasília/DF, CEP: 70.043-900